On-line reputation of the selected Slovak start-ups
Definícia pojmu reputácia (povesť). Od imidžu k reputácii. Vytváranie reputácie. Online reputácia. Definícia pojmu start-up. Analýza online reputácie 11 slovenských start-upov metódou analýzy inklinácie (sentiment analysis).
Gespeichert in:
| 1. Verfasser: | |
|---|---|
| Weitere Verfasser: | , |
| Format: | Buchkapitel |
| Sprache: | Englisch |
| Schlagworte: | |
| Tags: |
Keine Tags, Fügen Sie das erste Tag hinzu!
|
MARC
| LEADER | 00000nla a2200000 4500 | ||
|---|---|---|---|
| 001 | 0231084 | ||
| 005 | 20240626093757.0 | ||
| 041 | 0 | |a eng | |
| 044 | |a SK | ||
| 245 | 1 | 0 | |a On-line reputation of the selected Slovak start-ups |c Richard Fedorko, Ľudovít Nastišin, František Pollák |
| 520 | |a Definícia pojmu reputácia (povesť). Od imidžu k reputácii. Vytváranie reputácie. Online reputácia. Definícia pojmu start-up. Analýza online reputácie 11 slovenských start-upov metódou analýzy inklinácie (sentiment analysis). | ||
| 610 | 2 | 0 | |a marketing |
| 610 | 2 | 0 | |a internet |
| 610 | 2 | 0 | |a siete sociálne |
| 610 | 2 | 0 | |a médiá sociálne |
| 610 | 2 | 0 | |a start-up |
| 610 | 2 | 0 | |a konkurencieschopnosť |
| 610 | 2 | 0 | |a Slovensko |
| 100 | 1 | |a Fedorko, Richard | |
| 700 | 1 | |a Nastišin, Ľudovít | |
| 700 | 1 | |a Pollák, František, 1985- | |